Den Verstandigen Vromen Ridder Don Quichot de la Mancha (Record no. 2905)
[ view plain ]
| 000 -CABECERA | |
|---|---|
| campo de control de longitud fija | 01689nam a2200313 a 4500 |
| 001 - NÚMERO DE CONTROL | |
| campo de control | BRCA_3169 |
| 005 - FECHA Y HORA DE LA ÚLTIMA TRANSACCIÓN | |
| campo de control | 20190320204138.0 |
| 008 - DATOS DE LONGITUD FIJA--INFORMACIÓN GENERAL | |
| campo de control de longitud fija | 120209s1707----ne-a---###---#000-0#dut-u |
| 041 ## - CÓDIGO DE LENGUA | |
| Código de lengua del texto/banda sonora o título independiente | dut |
| 044 ## - CÓDIGO DEL PAÍS DE LA ENTIDAD EDITORA/PRODUCTORA | |
| Código MARC del país | ne |
| 084 ## - OTRO NÚMERO DE CLASIFICACIÓN | |
| Número de clasificación | 472 |
| Número de documento/Ítem | .G73 |
| -- | 1707 |
| 100 1# - ENTRADA PRINCIPAL--NOMBRE DE PERSONA | |
| Nombre de persona | Cervantes Saavedra, Miguel de |
| Fechas asociadas al nombre | 1547-1616 |
| 9 (RLIN) | 213 |
| 245 10 - MENCIÓN DE TÍTULO | |
| Título | Den Verstandigen Vromen Ridder Don Quichot de la Mancha |
| Mención de responsabilidad, etc. | geschreeven door Miguel de Cervantes Saavedra. |
| 260 ## - PUBLICACIÓN, DISTRIBUCIÓN, ETC. | |
| Lugar de publicación, distribución, etc. | Amsterdam (Holanda) |
| Nombre del editor, distribuidor, etc. | Jan Graal |
| Fecha de publicación, distribución, etc. | 1707 |
| 300 ## - DESCRIPCIÓN FÍSICA | |
| Extensión | 1 v. (en 2 tomos) |
| Otras características físicas | il. |
| Dimensiones | 18 cm. |
| 500 ## - NOTA GENERAL | |
| Nota general | Contenido : Primera parte. Prólogo del traductor. Don poesias dirigidas a Don Quijote. Texto. Segunda parte. Registro alfabético de nombres propios usados en la novela. Texto |
| 500 ## - NOTA GENERAL | |
| Nota general | Edición : En uit de spaansche in onze Nederlandsche tale overgezet, doot L.V.D.B. Verciert met 25 kopere misstelligen gezuiverd door G.V.B. En verrykt met een naauwkeurig Register |
| 500 ## - NOTA GENERAL | |
| Nota general | Sexta edición de la primera traducción holandesa hecha por Lambert Van den Bosch y corregida por G.V. Broekhuysen. Bien impresa, láminas hechas por un ilustrador anónimo, según parece holandés, ya que tanto los tipos humanos como el ambiente de las mismas, son holandesas. Pergamino Lúdovik Osterc |
| 500 ## - NOTA GENERAL | |
| Nota general | QM567 |
| 546 ## - NOTA DE LENGUA/LENGUAJE | |
| Nota de lengua/lenguaje | Texto en : holandés |
| 650 14 - PUNTO DE ACCESO ADICIONAL DE MATERIA--TÉRMINO DE MATERIA | |
| Término de materia o nombre geográfico como elemento de entrada | Novela española |
| Subdivisión cronológica | Época clásica, 1500-1700 |
| 9 (RLIN) | 215 |
| 650 14 - PUNTO DE ACCESO ADICIONAL DE MATERIA--TÉRMINO DE MATERIA | |
| Término de materia o nombre geográfico como elemento de entrada | Literatura española |
| Subdivisión cronológica | Época clásica, 1500-1700 |
| 9 (RLIN) | 216 |
| 650 14 - PUNTO DE ACCESO ADICIONAL DE MATERIA--TÉRMINO DE MATERIA | |
| Término de materia o nombre geográfico como elemento de entrada | Novela española |
| Subdivisión cronológica | Siglo XVII |
| 9 (RLIN) | 217 |
| 650 14 - PUNTO DE ACCESO ADICIONAL DE MATERIA--TÉRMINO DE MATERIA | |
| Término de materia o nombre geográfico como elemento de entrada | Don Quijote (Personaje ficticio) |
| Término indicativo de función/relación | Novela |
| 9 (RLIN) | 218 |
| 700 1# - PUNTO DE ACCESO ADICIONAL--NOMBRE DE PERSONA | |
| Nombre de persona | Bosch, Lambert Van den |
| Término indicativo de función/relación | Traductor |
| 9 (RLIN) | 8532 |
| 740 0# - PUNTO DE ACCESO ADICIONAL--TÍTULO RELACIONADO O ANALÍTICO NO CONTROLADO | |
| Título relacionado o analítico no controlado | El Ingenioso Hidalgo Don Quijote de la Mancha |
| 902 ## - CATALOGADOR | |
| Iniciales | QFM |
| 942 ## - ELEMENTOS DE PUNTO DE ACCESO ADICIONAL (KOHA) | |
| Fuente del sistema de clasificación o colocación | Library of Congress Classification |
| Tipo de ítem Koha | Libros |
| Estado de retiro | Estado de pérdida | Estado dañado | No para préstamo | Localización permanente | Ubicación/localización actual | Fecha de adquisición | Número de inventario | Total de préstamos | Signatura topográfica completa | Código de barras | Fecha visto por última vez | Precio válido a partir de | Tipo de ítem Koha |
|---|---|---|---|---|---|---|---|---|---|---|---|---|---|
| El ejemplar forma parte de la colección y puede ser consultado según las políticas vigentes. | Biblioteca del Museo Franz Mayer (Rogerio Casas-Alatriste) | Biblioteca del Museo Franz Mayer (Rogerio Casas-Alatriste) | 12/02/2009 | QM567 | 472 .G73 1707 (QM567) | 3166 | 22/03/2019 | 22/03/2019 | Libros |